Catalog

Record Details

Catalog Search



Available copies

  • 2 of 2 copies available at LARL/NWRL Consortium.

Current holds

0 current holds with 2 total copies.

Show Only Available Copies
Location Call Number / Copy Notes Barcode Shelving Location Status Due Date
Fertile Public Library J PER (Text) 33500014014989 Main Available -
Fosston Public Library J PER (Text) 33500012794970 Main Available -

Record details

  • ISBN: 9781492641773
  • ISBN: 1492641774
  • ISBN: 9781492646648
  • ISBN: 1492646644
  • ISBN: 1484499328
  • ISBN: 9781484499320
  • Physical Description: 198 pages : illustrations ; 19 cm.
  • Publisher: Naperville, Illinois : Sourcebooks Jabberwocky, [2016]

Content descriptions

Summary, etc.:
"Jack (of the beanstalk fame) and his magical ... Read More
Target Audience Note:
Ages 7 and up.
Study Program Information Note:
Accelerated Reader AR 4.5 2.0 186555.
Subject: Characters in literature > Juvenile fiction.
Friendship > Juvenile fiction.
Magic > Juvenile fiction.
Characters in literature > Fiction.
Friendship > Fiction.
Magic > Fiction.
Magic > Fiction.
Friendship > Fiction.
Genre: Fantasy fiction.
LDR 03018cam a2200709 i 4500
001299391
003LARL_NWRL_CONSORTIUM
00520240625192147.0
008160602s2016 ilua j 000 1 eng
010 . ‡a 2016004442
040 . ‡aDLC ‡beng ‡erda ‡cDLC ‡dYDXCP ‡dBDX ‡dBTCTA ‡dJSE ‡dZHB ‡dTXMBL ‡dII5 ‡dAML ‡dEHH ‡dCHILD ‡dDLC ‡dIGA ‡dOCLCQ ‡dOCLCO ‡dGBX ‡dQQ3 ‡dOCLCO ‡dOCLCF
019 . ‡a1003703980
020 . ‡a9781492641773 ‡q(13 ; ‡qalk. paper)
020 . ‡a1492641774
020 . ‡a9781492646648
020 . ‡a1492646644
020 . ‡a1484499328
020 . ‡a9781484499320
035 . ‡a(OCoLC)940364165 ‡z(OCoLC)1003703980
042 . ‡alcac ‡apcc
08200. ‡a[Fic] ‡223
1001 . ‡aPercival, Tom, ‡d1977- ‡eauthor. ‡0(LARL_NWRL_CONSORTIUM)221605
24514. ‡aThe spell thief / ‡cTom Percival.
264 1. ‡aNaperville, Illinois : ‡bSourcebooks Jabberwocky, ‡c[2016]
300 . ‡a198 pages : ‡billustrations ; ‡c19 cm.
336 . ‡atext ‡btxt ‡2rdacontent
337 . ‡aunmediated ‡bn ‡2rdamedia
338 . ‡avolume ‡bnc ‡2rdacarrier
4900 . ‡aLittle legends ; ‡v1
5211 . ‡aAges 7 and up.
520 . ‡a"Jack (of the beanstalk fame) and his magical talking chicken, Betsy, have always been great at making new friends, like their BFFs Red and Rapunzel. But when Jack spots Anansi, the new kid in town, talking to a troll in the Deep Dark Woods, everything changes. Everyone knows that trolls mean trouble, and Jack will do anything to prove to the rest of his friends that Anansi is a troll spy. Even if that means using stolen magic!"-- ‡cProvided by publisher.
5268 . ‡aAccelerated Reader AR ‡c4.5 ‡d2.0 ‡z186555.
650 0. ‡aCharacters in literature ‡vJuvenile fiction.
650 0. ‡aFriendship ‡vJuvenile fiction. ‡0(LARL_NWRL_CONSORTIUM)164914
650 0. ‡aMagic ‡vJuvenile fiction. ‡0(LARL_NWRL_CONSORTIUM)165990
650 1. ‡aCharacters in literature ‡vFiction.
650 1. ‡aFriendship ‡vFiction. ‡0(LARL_NWRL_CONSORTIUM)164944
650 1. ‡aMagic ‡vFiction. ‡0(LARL_NWRL_CONSORTIUM)165984
650 4. ‡aMagic ‡xFiction.
650 4. ‡aFriendship ‡xFiction.
655 7. ‡aFantasy fiction. ‡2lcgft
905 . ‡uvanderl
901 . ‡a299391 ‡b ‡c299391 ‡tbiblio ‡soclc

Additional Resources